banner koha

Búfalo; produção de carne, leite, manteiga e trabalho para o fomento da pecuária brasileira (Registro n. 71272)

MARC details
000 -LÍDER
campo de controle de tamanho fixo 00963nam a22003137a 4500
001 - NÚMERO DE CONTROLE
campo de controle BR0704751
003 - IDENTIFICADOR DO NÚMERO DE CONTROLE
campo de controle BR-BrBNA
005 - DATA E HORÁRIO DA ÚLTIMA TRANSAÇÃO
campo de controle 20230928102533.0
007 - CAMPO FIXO DE DESCRIÇÃO FÍSICA--INFORMAÇÃO GERAL
campo de controle de tamanho fixo ta
008 - CAMPO DE DADOS FIXOS--INFORMAÇÃO GERAL
campo de controle de tamanho fixo 230509b bl.||||| |||| 00| 0 por d
040 ## - FONTE DA CATALOGAÇÃO
Instituição da catalogação original BR-BrBNA
Idioma da catalogação por
Instituição que transcreveu o registro Biblioteca Nacional de Agricultura
041 ## - CÓDIGO DE IDIOMA
Código do idioma do texto/trilha sonora ou título diferente (Por)
072 ## - CÓDIGO DE CATEGORIA DE ASSUNTO
Código de Categoria de Assunto L01
Código do objeto 5219
090 ## - NÚMERO DE CHAMADA LOCAL
-- 5219 BR0704751
100 1# - ENTRADA PRINCIPAL--NOME PESSOAL
Nome pessoal Costa, A. das G.
100 1# - ENTRADA PRINCIPAL--NOME PESSOAL
Nome pessoal Franco, J.R.J.
100 1# - ENTRADA PRINCIPAL--NOME PESSOAL
Nome pessoal Pereira, P.L.J.
100 1# - ENTRADA PRINCIPAL--NOME PESSOAL
Nome pessoal Reis, R.
110 1# - ENTRADA PRINCIPAL--NOME CORPORATIVO
Nome corporativo ou nome da jurisdição Universidade Federal de Goiás, Goiânia (Brasil). Escola de Agronomia e Veterinária
9 (RLIN) 10790
245 1# - TÍTULO
Título Búfalo; produção de carne, leite, manteiga e trabalho para o fomento da pecuária brasileira
260 3# - PUBLICAÇÃO, DISTRIBUIÇÃO, ETC.
Local de publicação, distribuição, etc. Goiânia, GO (Brasil):
Data da publicação, distribuição, etc. 1971.
300 ## - DESCRIÇÃO FÍSICA
Extensão 29 p.
500 ## - NOTA GERAL
Nota geral 13 ref.; Documento microfilmado e tratado BR6002374
650 ## - ASSUNTO--TERMO TÓPICO
Cabeçalho tópico ou nome geográfico BUFALO
650 ## - ASSUNTO--TERMO TÓPICO
Cabeçalho tópico ou nome geográfico CRIAÇÃO
650 ## - ASSUNTO--TERMO TÓPICO
Cabeçalho tópico ou nome geográfico PRODUÇÃO ANIMAL
909 ## -
-- 202309
-- Lucia
-- 55
-- Lucia Elande
942 ## - ELEMENTOS DE ENTRADA ADICIONADOS (KOHA)
Tipo de material Koha Livros
Exemplares
Situação do descarte Fonte da classificação ou esquema de arquivamento na estante Situação física Não pode ser emprestado Coleção Biblioteca de origem Biblioteca atual Total de empréstimos Número de telefone completo Código de barras Data de último acesso Número do exemplar Tipo de material Koha Situação das perdas Data de aquisição Fonte de aquisição
  Classificação AGRIS       Biblioteca Nacional de Agricultura - Binagri Biblioteca Nacional de Agricultura - Binagri   5219 BR0704751 5219 BR0704751 25/09/2023 01 Livros   2023-09-25 Portaria Interministerial nº 164/94

BINAGRI

Telefone: (61)3218-2567/2388/3357/2097 - binagri@agro.gov.br

Ministério da Agricultura e Pecuária , Esplanada dos Ministérios, Bloco D, Anexo B, Brasília/DF, CEP: 70.043-900